Contabilidad, sector público : mucho por hacer. Panorama global /

Guardado en:
Autor Principal: Lang, Víctor M.
Formato: Libro
Idioma:Spanish
Publicado: Buenos Aires : Osmar D. Buyatti, 2019.
Edición:1a. ed.
Materias:
Etiquetas: Agregar Etiqueta
Sin Etiquetas, Sea el primero en etiquetar este registro!
LEADER 00897nam a22002175a 4500
001 EAD.ead004643
008 221227s2019####ag#######b####000#0#spa#d
005 20221228105724.0
245 1 0 |a Contabilidad, sector público :  |b mucho por hacer. Panorama global /  |c Victor Lang. 
250 |a 1a. ed. 
260 |a Buenos Aires :  |b Osmar D. Buyatti,  |c 2019. 
300 |a 295 p. ;  |c 23 cm. 
500 |a ¿Y los activos, pasivos, recursos, gastos e inversiones socio-mediambientales, intangibles?. El devengado y procesos inflacionarios?--Portada. 
504 |a Incluye referencias biliográficas. 
020 |a 9789877160987 
100 1 |a Lang, Víctor M. 
082 0 4 |a 657.6  |2 21 
650 7 |a Contabilidad gubernamental.  |2 unbist 
650 7 |a Sector público.  |2 isoc 
859 |a AR-BaBDC  |b BIB. ADMINISTRACION - Libros  |h 657.6  |i L256  |p b07356 
859 |a AR-BaBDC  |b BIB. ADMINISTRACION - Libros  |h 657.6  |i L256  |p b07357  |t Ej. 2